[Event "It (w) \"]
[Site "masterchessopen.com – Batumi (Georgia)"]
[Round "1"]
[White "Tsereteli Tamar (GEO)"]
[Black "Kvaratskhelia Natia (GEO)"]
[Result "1-0"]
[WhiteElo "2339"]
[BlackElo "2055"]

1.e4 c5 2.Nf3 d6 3.d4 cxd4 4.Nxd4 Nf6 5.Nc3 Nc6 6.Bg5 e6 7.Qd2 Be7 8.O-O-O O-O
9.f4 h6 10.Bh4 Nxe4 11.Bxe7 Nxd2 12.Bxd8 Nxf1 13.Nxc6 bxc6 14.Be7 Re8 15.Rhxf1
Rxe7 16.Rxd6 Bb7 17.g3 c5 18.Rfd1 g6 19.a4 Kf8 20.a5 Rc8 21.Rd8+ Re8 22.Rxc8
Bxc8 23.Ne4 Bb7 24.Nxc5 Bd5 25.Rd4 Ke7 26.c4 Rc8 27.b4 Bc6 28.Kd2 g5 29.Nd3
gxf4 30.gxf4 f6 31.Kc3 Be8 32.Kb3 Rb8 33.b5 e5 34.fxe5 fxe5 35.Re4 Kf6 36.Rxe5
Rd8 37.Re3 Rb8 38.Kb4 Kf5 39.Nc5 Kf4 40.Re7 Kf3 41.Rxa7 Kg2 42.Rh7 {#r} 1-0

[Event "It (open)"]
[Site "masterchessopen.com – Ljubljana (Slovenia)"]
[Round "2"]
[White "Stojanovski Dejan (MKD)"]
[Black "Licina Anita (SLO)"]
[Result "1-0"]
[WhiteElo "2433"]
[BlackElo "2128"]

1.e4 c5 2.Nf3 Nc6 3.d4 cxd4 4.Nxd4 Nf6 5.Nc3 d6 6.Bg5 e6 7.Qd2 Be7 8.O-O-O O-O
9.f4 h6 10.h4 e5 11.Nf3 Qa5 12.Bxf6 Bxf6 13.f5 Nd4 14.Kb1 Bd7 15.Nd5 Qxd2
16.Nxf6+ gxf6 17.Rxd2 Nxf3 18.gxf3 Bc6 19.Rxd6 Rfd8 20.Rg1+ Kf8 21.Rxd8+ Rxd8
22.Bd3 b6 23.Kc1 Ba4 24.b3 Bc6 25.a4 a5 26.Bc4 Rc8 27.Bd3 Bd7 28.Kd2 Rc7
29.Ke3 Be8 30.f4 Rc5 31.fxe5 fxe5 32.Rg2 Bd7 33.f6 Bc8 34.Bc4 Rc6 35.Rd2 Kg8
36.Rd8+ Kh7 37.Bxf7 Rxf6 38.Bg8+ {#r} 1-0

[Event "It (open) \"]
[Site "masterchessopen.com – Schwabisch Gmund (Germany)"]
[Round "6"]
[White "Kabisch Thilo (GER)"]
[Black "Schulte Torsten (GER)"]
[Result "1-0"]
[WhiteElo "2310"]
[BlackElo "2147"]

1.e4 c5 2.Nf3 d6 3.d4 cxd4 4.Nxd4 Nf6 5.Nc3 Nc6 6.Bg5 e6 7.Qd2 Be7 8.O-O-O O-O
9.f4 a6 10.Bxf6 gxf6 11.g4 Bd7 12.Nde2 b5 13.Ng3 Kh8 14.Nh5 Rg8 15.Rg1 Qb6
16.Rg3 Rac8 17.Kb1 Na5 18.e5 fxe5 19.fxe5 d5 20.Rh3 b4 21.Nf6 Bxf6 22.Qh6 {#r}
1-0

[Event "It (open) \"]
[Site "masterchessopen.com – Tatranske Zruby (Slovakia)"]
[Round "7"]
[White "Janos Ivan (SVK)"]
[Black "Furman Boris (RUS)"]
[Result "0-1"]
[WhiteElo "2131"]
[BlackElo "2312"]

1.e4 c5 2.Nf3 Nc6 3.d4 cxd4 4.Nxd4 Nf6 5.Nc3 d6 6.Bg5 e6 7.Qd2 Be7 8.O-O-O O-O
9.f4 h6 10.Bh4 e5 11.Ndb5 Bg4 12.Be2 Bxe2 13.Qxe2 a6 14.Bxf6 Bxf6 15.Rxd6 Qb8
16.Rxf6 axb5 17.Rd1 b4 18.Nd5 Rxa2 19.Rd3 Qa7 20.Rh3 Qg1+ 21.Kd2 Qd4+ 22.Rd3
Qxb2 23.Ke1 Nd4 24.Rxh6 gxh6 25.Rg3+ Kh8 26.Qh5 Qc1+ {#R} 0-1

[Event "Oberliga NRW (1) 2001/02"]
[Site "masterchessopen.com – Germany"]
[Date "2002.04.07"]
[Round "8"]
[White "Morawietz Dieter (GER)"]
[Black "Reinartz Georg (GER)"]
[Result "0-1"]
[WhiteElo "2374"]
[BlackElo "2299"]

1.e4 c5 2.Nf3 Nc6 3.d4 cxd4 4.Nxd4 Nf6 5.Nc3 d6 6.Bg5 e6 7.Qd2 Be7 8.O-O-O O-O
9.f4 h6 10.Bh4 e5 11.Nf5 Bxf5 12.exf5 exf4 13.Kb1 d5 14.Qxf4 d4 15.Bxf6 Bxf6
16.Ne4 Be5 17.Qf3 Rc8 18.a3 Bf6 19.g4 Re8 20.Bd3 Ne5 21.Qe2 a6 22.Rdg1 Nd7
23.h4 Bxh4 24.Qh2 Bg5 25.Nd6 Ne5 26.Nxe8 Qxe8 27.Re1 f6 28.Qg2 Qd7 29.Rd1 Rd8
30.Rh3 b5 31.Be2 Qe7 32.Rb3 Kh7 33.Qe4 Qc5 34.a4 d3 35.Bxd3 Rd4 36.Qa8 b4
37.Qxa6 Nc4 38.Re1 Na5 39.Re8 Nxb3 40.Qa8 Nd2+ 41.Ka1 Rd8 {#R} 0-1

[Event "Ch World (for the Blind)"]
[Site "masterchessopen.com – Istanbul (Turkey)"]
[Date "2002.11.25"]
[Round "6"]
[White "Krylov Sergey (RUS)"]
[Black "Dukaczewski Piotr (POL)"]
[Result "1-0"]
[WhiteElo "2388"]
[BlackElo "2350"]

1.e4 c5 2.Nf3 Nc6 3.d4 cxd4 4.Nxd4 Nf6 5.Nc3 d6 6.Bg5 e6 7.Qd2 Be7 8.O-O-O O-O
9.f4 h6 10.Bh4 e5 11.Nf5 Bxf5 12.exf5 Qa5 13.Kb1 Rfe8 14.Bc4 Qb4 15.Bb3 Qxf4
16.Qe1 Qxf5 17.Bxf6 Bxf6 18.Ne4 Rad8 19.Rf1 Qg6 20.Rd3 Be7 21.Rg3 Qh7 22.Rxf7
Kh8 23.Rgxg7 Qxg7 24.Rxg7 Kxg7 25.Qg3+ Kh7 26.Bf7 Rg8 27.Bxg8+ Rxg8 28.Qh3 Rf8
29.Qd3 Kg7 30.a3 Rd8 31.Ng3 Kf7 32.Qf5+ Ke8 33.Nh5 Rd7 34.Qe6 Kd8 35.Nf6 Bxf6
36.Qxf6+ Kc7 37.Qxh6 e4 38.h4 Re7 39.Qe3 d5 40.c3 Ne5 41.h5 Nc4 42.Qc5+ Kd7
43.Qxd5+ Nd6 44.Kc2 e3 45.Kd1 e2+ 46.Ke1 Re6 47.g4 Ke7 48.g5 Nf7 49.g6 Ne5
50.g7 {#r} 1-0

[Event "Ch France (accession)"]
[Site "masterchessopen.com – Aix les Bains (France)"]
[Round "5"]
[White "Boudre Jean-Pierre (FRA)"]
[Black "Harovelo Ingmar (FRA)"]
[Result "0-1"]
[WhiteElo "2341"]
[BlackElo "2253"]

1.e4 c5 2.Nf3 d6 3.d4 cxd4 4.Nxd4 Nf6 5.Nc3 Nc6 6.Bg5 e6 7.Qd2 Be7 8.O-O-O O-O
9.f4 d5 10.e5 Nd7 11.Bxe7 Qxe7 12.Nf3 Rb8 13.Bd3 b5 14.Kb1 b4 15.Ne2 Nc5
16.Ned4 Bd7 17.Rhe1 Na4 18.Ka1 Rfc8 19.Nb3 g6 20.h4 a5 21.h5 Nc3 22.hxg6 fxg6
23.Rh1 Nxd1 24.Qxd1 Be8 25.g4 a4 26.Nc1 b3 27.a3 bxc2 28.Bxc2 Na5 29.Ng5 Rxb2
{#R} 0-1

[Event "Ch Serbia & Montenegro (team)"]
[Site "masterchessopen.com – Budva (Yugoslavia)"]
[Round "0"]
[White "Sedlak Nikola (SRB)"]
[Black "Solak Dragan (SRB)"]
[Result "0-1"]
[WhiteElo "2521"]
[BlackElo "2563"]

1.e4 c5 2.Nf3 d6 3.d4 cxd4 4.Nxd4 Nf6 5.Nc3 Nc6 6.Bg5 e6 7.Qd2 Be7 8.O-O-O O-O
9.f4 h6 10.Bh4 e5 11.Nf5 Bxf5 12.exf5 exf4 13.Kb1 d5 14.Qxf4 d4 15.Bxf6 Bxf6
16.Ne4 Rc8 17.Bc4 Be5 18.Qf1 Nb4 19.Bb3 Qb6 20.Nf2 a5 21.a4 Qc6 22.Qb5 Qxb5
23.axb5 Rc5 24.Ng4 Rxb5 25.Rhe1 Bb8 26.Rxd4 Rxf5 27.Rd7 b5 28.c3 a4 29.Bxf7+
R5xf7 30.Rxf7 Rxf7 31.cxb4 h5 32.Ne3 Bxh2 33.Rh1 Bf4 34.Nd5 g6 35.g4 hxg4
36.Rh4 Rf5 37.Ne7+ Kf7 38.Nxf5 gxf5 39.Kc2 Be5 40.Rh1 Kf6 41.Rb1 f4 42.Kd3 Kf5
43.Rh1 f3 44.Ke3 Kg5 45.Rd1 Bxb2 46.Rd5+ Kh4 47.Rxb5 a3 48.Ra5 Kg3 {#R} 0-1

[Event "Ch Slovenia (team)"]
[Site "masterchessopen.com – Celje (Slovenia)"]
[Round "6"]
[White "Cigan Stefan (SLO)"]
[Black "Podvrsnik Marko (SLO)"]
[Result "0-1"]
[WhiteElo "2323"]
[BlackElo "2223"]

1.e4 c5 2.Nf3 d6 3.d4 cxd4 4.Nxd4 Nf6 5.Nc3 Nc6 6.Bg5 e6 7.Qd2 Be7 8.O-O-O O-O
9.f4 h6 10.Bxf6 Bxf6 11.Nb3 e5 12.g3 Bg4 13.Re1 a5 14.a4 Nb4 15.Kb1 exf4
16.gxf4 Rc8 17.Rg1 Be6 18.Nd5 Qb6 19.Rd1 {#R} 0-1

[Event "Cup Russia (w)"]
[Site "masterchessopen.com – Kazan (Russia)"]
[Round "6"]
[White "Kochetkova Julia (RUS)"]
[Black "Guseva Olga (RUS)"]
[Result "0-1"]
[WhiteElo "2311"]
[BlackElo "2232"]

1.e4 c5 2.Nf3 Nc6 3.d4 cxd4 4.Nxd4 Nf6 5.Nc3 d6 6.Bg5 e6 7.Qd2 Be7 8.O-O-O O-O
9.f4 Qa5 10.Kb1 Qb4 11.Ndb5 Rd8 12.a3 Qa5 13.Nd4 Qc7 14.f5 a6 15.g4 Nxd4
16.Qxd4 Nxg4 17.Bxe7 Qxe7 18.Rg1 Ne5 19.Rd3 Bd7 20.Rdg3 g6 21.Qd2 Rac8 22.Qf4
Qf6 23.Nd1 d5 24.Nf2 Bc6 25.exd5 Bxd5 26.Re3 Nc4 27.Bxc4 Rxc4 28.Ng4 Qxb2+
29.Kxb2 Rxf4 30.Nf6+ Kf8 31.fxe6 Bxe6 32.Nxh7+ Kg7 33.Ng5 Bf5 34.Re7 Rd7
35.Re2 Rc7 36.Rg3 Rg4 37.Rxg4 Bxg4 38.Rf2 Re7 39.Rg2 f5 40.Rg3 Kf6 41.Nh3 Re2
42.Nf4 Rxh2 43.Rb3 g5 44.Rb6+ Ke5 45.Nd3+ Kd4 46.Rxb7 f4 47.Rb6 Bf5 48.Ne1 g4
49.Rxa6 f3 {#R} 0-1

[Event "Memorial Narciso Yepes (open)"]
[Site "masterchessopen.com – Lorca (Spain)"]
[Round "2"]
[White "Rizouk Aimen (ALG)"]
[Black "Moreno Tejera Emilio (ESP)"]
[Result "0-1"]
[WhiteElo "2465"]
[BlackElo "2275"]

1.e4 c5 2.Nf3 d6 3.d4 Nf6 4.Nc3 cxd4 5.Nxd4 Nc6 6.Bg5 e6 7.Qd2 Be7 8.O-O-O O-O
9.f4 h6 10.Bh4 e5 11.Nf5 Bxf5 12.exf5 exf4 13.Qxf4 d5 14.Kb1 d4 15.Bxf6 Bxf6
16.Ne4 Be5 17.Qf3 Rc8 18.f6 g6 19.Bc4 Na5 20.Bd3 Nc4 21.Bxc4 Rxc4 22.Rhf1 Qb6
23.Qh3 d3 24.c3 Rxe4 25.Rxd3 Re2 26.b3 {#R} 0-1

[Event "Ch Italy (team) (final)"]
[Site "masterchessopen.com – Italy"]
[Date "2003.05.11"]
[Round "0"]
[White "Shytaj Luca (ITA)"]
[Black "Mantovani Renzo (ITA)"]
[Result "0-1"]
[WhiteElo "2356"]
[BlackElo "2375"]

1.e4 c5 2.Nf3 d6 3.d4 cxd4 4.Nxd4 Nf6 5.Nc3 Nc6 6.Bg5 e6 7.Qd2 Be7 8.O-O-O O-O
9.f4 h6 10.Bh4 e5 11.Nxc6 bxc6 12.Bxf6 Bxf6 13.Qxd6 Qb6 14.fxe5 Rd8 15.exf6
Rxd6 16.Rxd6 Be6 17.Be2 Rb8 18.b3 Qc5 19.Rd3 Qg5+ 20.Kb2 Qxf6 21.Rhd1 g6
22.Rd6 Qe5 23.Rxc6 Qxh2 24.Bc4 Bxc4 25.Rxc4 Qxg2 26.Rd7 h5 27.Rcc7 Qf3 28.Nd5
Re8 29.Ne7+ Kg7 30.Nc8 Qf6+ 31.c3 Re6 32.b4 h4 33.e5 Qf2+ 34.Kb3 h3 35.Nd6
Rxd6 36.Rxd6 h2 37.e6 h1=Q 38.Rxf7+ Qxf7 39.exf7 Qb1+ 40.Ka3 Qc2 41.Rc6 Kxf7
42.b5 g5 43.c4 g4 44.Kb4 Qxa2 45.Ra6 Qxa6 {#R} 0-1

[Event "NRW Klasse 2 2003/04"]
[Site "masterchessopen.com – Germany"]
[Date "2003.11.09"]
[Round "3"]
[White "Solodovnichenko Yuri (UKR)"]
[Black "Dranov Aleksandar (UKR)"]
[Result "1-0"]
[WhiteElo "2516"]
[BlackElo "2380"]

1.e4 c5 2.Nf3 d6 3.d4 cxd4 4.Nxd4 Nf6 5.Nc3 Nc6 6.Bg5 e6 7.Qd2 Be7 8.O-O-O O-O
9.f4 d5 10.e5 Nd7 11.Bxe7 Qxe7 12.Kb1 Nc5 13.Qe3 Bd7 14.Nf5 exf5 15.Nxd5 Qh4
16.g3 Qh6 17.Qxc5 Rac8 18.Bg2 Kh8 19.Qa3 Be6 20.Ne7 Nxe7 21.Qxe7 b5 22.Qxa7 f6
23.Rd6 fxe5 24.Qa6 Rcd8 25.Rhd1 Rxd6 26.Qxd6 Rg8 27.fxe5 Qxh2 28.Bc6 Bf7 29.e6
Bg6 30.Rh1 Qe2 31.e7 Bf7 32.b3 h5 33.Qb4 Qe5 34.Re1 Qxg3 35.e8=Q Bxe8 36.Bxe8
h4 37.Bf7 Rb8 38.Rh1 h3 39.Qc5 g6 40.Bxg6 h2 41.Qxf5 Qg1+ 42.Kb2 Qxh1 43.Qf6+
{#r} 1-0

[Event "It (open)"]
[Site "masterchessopen.com – Litomysl (Czech Republic)"]
[Date "2003.12.29"]
[Round "6"]
[White "Kanovsky David (CZE)"]
[Black "Zeleny Tomas (CZE)"]
[Result "0-1"]
[WhiteElo "2392"]
[BlackElo "2253"]

1.e4 c5 2.Nf3 Nc6 3.d4 cxd4 4.Nxd4 Nf6 5.Nc3 d6 6.Bg5 e6 7.Qd2 Be7 8.O-O-O O-O
9.f4 h6 10.Bh4 a6 11.Nxc6 bxc6 12.e5 Nd5 13.Bxe7 Qxe7 14.Ne4 dxe5 15.fxe5 Rb8
16.c4 Nb6 17.Qd6 Qa7 18.Nc5 Bb7 19.Be2 Ba8 20.Rhf1 Nd5 21.Bh5 Rfd8 22.Rxf7 Qb6
23.Rxg7+ Kxg7 24.Nxe6+ Kh8 25.Qa3 Rdc8 26.Kb1 Qe3 27.Qxe3 Nxe3 28.Rd7 Nxc4
29.Nf4 Nxe5 30.Re7 {#R} 0-1

[Event "Ch France (team) (juniors) 2003/04"]
[Site "masterchessopen.com – France"]
[Date "2004.01.04"]
[Round "7"]
[White "Dourerassou Jonathan (FRA)"]
[Black "Cloarec Audrey (FRA)"]
[Result "1-0"]
[WhiteElo "2345"]
[BlackElo "1845"]

1.e4 c5 2.Nf3 Nc6 3.Nc3 d6 4.d4 cxd4 5.Nxd4 Nf6 6.Bg5 e6 7.Qd2 Be7 8.O-O-O O-O
9.f4 Re8 10.h4 Qb6 11.Nf3 Rd8 12.Bd3 Bd7 13.Qe2 e5 14.Nd5 Nxd5 15.exd5 Nb4
16.Kb1 Nxd3 17.Qxd3 f6 18.fxe5 fxg5 19.Nxg5 Bxg5 20.hxg5 g6 21.e6 Bb5 22.c4
Ba4 23.Rxh7 {#r} 1-0

[Event "Ch Austria (team) 2003/04"]
[Site "masterchessopen.com – Austria"]
[Date "2004.03.19"]
[Round "9"]
[White "Naumann Alexander (GER)"]
[Black "Balinov Ilija (AUT)"]
[Result "1-0"]
[WhiteElo "2538"]
[BlackElo "2372"]

1.e4 c5 2.Nf3 Nc6 3.d4 cxd4 4.Nxd4 Nf6 5.Nc3 d6 6.Bg5 e6 7.Qd2 Be7 8.O-O-O O-O
9.f4 h6 10.h4 Nxd4 11.Qxd4 hxg5 12.hxg5 Ng4 13.Be2 e5 14.Qg1 Bxg5 15.fxg5
Qxg5+ 16.Kb1 Rd8 17.Rd3 Be6 18.Rg3 Rac8 19.Qd1 Rxc3 20.bxc3 Qf4 21.Rxg4 Bxg4
22.Bxg4 d5 23.exd5 Rd6 24.Be2 Qa4 25.Qd3 e4 26.Qc4 Qxc4 27.Bxc4 b5 28.Bb3 f5
29.a4 a6 30.axb5 axb5 31.Rf1 g6 32.g4 Rf6 33.d6+ Kf8 34.Rd1 Ke8 35.g5 Rf8
36.Be6 {#r} 1-0

[Event "Ch Russia (juniors) (under 18)"]
[Site "masterchessopen.com – Dagomys (Russia)"]
[Round "10"]
[White "Anisimov Pavel (RUS)"]
[Black "Poniaev Ruslan (RUS)"]
[Result "1-0"]
[WhiteElo "2470"]
[BlackElo "2288"]

1.e4 c5 2.Nf3 d6 3.d4 cxd4 4.Nxd4 Nf6 5.Nc3 Nc6 6.Bg5 e6 7.Qd2 Be7 8.O-O-O O-O
9.f4 a6 10.Bxf6 gxf6 11.f5 Bd7 12.Qh6 Kh8 13.Qh5 Ne5 14.Be2 Rc8 15.Qh3 Qa5
16.Kb1 b5 17.Bh5 Nc4 18.Bg6 fxg6 19.fxg6 Rf7 20.gxf7 Qb4 21.Nb3 Na3+ 22.bxa3
Qxc3 23.Qxc3 Rxc3 24.Rd3 Rc8 25.Rg3 Rf8 26.Rg8+ Rxg8 27.fxg8=Q+ Kxg8 28.Rd1
Kf7 29.Nd4 Bc8 30.Nc6 Bf8 31.Rd4 Ke8 32.Na5 Kd7 33.Rd3 Ke8 34.Rc3 Kd8 35.Rf3
Ke7 {#r} 1-0

[Event "It (open)"]
[Site "masterchessopen.com – Kranj (Slovenia)"]
[Date "2004.05.12"]
[Round "7"]
[White "Ragger Markus (AUT)"]
[Black "Podvrsnik Marko (SLO)"]
[Result "1-0"]
[WhiteElo "2428"]
[BlackElo "2223"]

1.e4 c5 2.Nf3 d6 3.Nc3 Nc6 4.d4 cxd4 5.Nxd4 Nf6 6.Bg5 e6 7.Qd2 Be7 8.O-O-O O-O
9.f4 h6 10.h4 Nxd4 11.Qxd4 hxg5 12.hxg5 Ng4 13.Be2 e5 14.Qg1 Bxg5 15.fxg5
Qxg5+ 16.Kb1 Be6 17.Bxg4 Qxg4 18.Qh2 f5 19.Nb5 Qf4 20.Qh7+ Kf7 21.Nxd6+ Kf6
22.exf5 Bxf5 23.Nxf5 Qxf5 24.Rhf1 {#r} 1-0

[Event "Cup Slovenia"]
[Site "masterchessopen.com – Slovenia"]
[Date "2004.05.16"]
[Round "2"]
[White "Breznik Kristijan (SLO)"]
[Black "Licina Anita (SLO)"]
[Result "1-0"]
[WhiteElo "2144"]
[BlackElo "2131"]

1.e4 c5 2.Nf3 Nc6 3.d4 cxd4 4.Nxd4 Nf6 5.Nc3 d6 6.Bg5 e6 7.Qd2 Be7 8.O-O-O O-O
9.f4 h6 10.Bxf6 Bxf6 11.Ndb5 e5 12.g3 Qa5 13.Kb1 Bg4 14.Be2 Bxe2 15.Qxe2 exf4
16.Nd5 Bd8 17.gxf4 Nb4 18.Qc4 Nxd5 19.Rxd5 a6 20.Nxd6 Qb6 21.e5 Rb8 22.Rd3 Qf2
23.Rg3 Bh4 24.Rg4 h5 25.Rgg1 b5 26.Qe4 Kh8 27.Rg2 {#r} 1-0

[Event "It (open)"]
[Site "masterchessopen.com – Oberwart (Austria)"]
[Date "2004.07.12"]
[Round "3"]
[White "Benda Herbert (AUT)"]
[Black "Stanec Nikolaus (AUT)"]
[Result "0-1"]
[WhiteElo "2356"]
[BlackElo "2560"]

1.e4 c5 2.Nf3 Nc6 3.d4 cxd4 4.Nxd4 Nf6 5.Nc3 d6 6.Bg5 e6 7.Qd2 Be7 8.O-O-O O-O
9.f4 h6 10.Bxf6 Bxf6 11.Nb3 e5 12.g3 exf4 13.gxf4 Bg4 14.Re1 Be6 15.Nd5 Bxd5
16.exd5 Ne7 17.Kb1 Qb6 18.a4 a6 19.Bh3 Ng6 20.Rhf1 Rae8 21.Bf5 Nh4 22.Bd3 g6
23.a5 Qd8 24.Qb4 Qd7 25.Nd2 Bg7 26.Nc4 Rxe1+ 27.Rxe1 Rd8 28.Nb6 Qc7 29.Qe4 Bf6
30.c3 Kg7 31.Qa4 Nf3 32.Re2 Qc5 33.Be4 Ng1 34.Rg2 Nh3 35.Bf5 Qe3 36.Rg3 Qe1+
37.Ka2 Ng1 38.Bc2 Ne2 39.Rg2 Nc1+ 40.Ka3 Re8 41.Qb4 Re2 42.Rxe2 Nxe2 43.Ka2
Qd2 44.Kb1 Qc1+ 45.Ka2 Qxc2 46.Na4 Nc1+ 47.Ka3 Qb1 48.Qc4 Nd3 49.Qc7 Qa1+
50.Kb3 Nc1+ {#R} 0-1

[Event "It (open)"]
[Site "masterchessopen.com – Tatranske Zruby (Slovakia)"]
[Date "2004.09.27"]
[Round "3"]
[White "Matejov Jaroslav (SVK)"]
[Black "Kostelny Jozef (SVK)"]
[Result "1-0"]
[WhiteElo "2199"]
[BlackElo "2284"]

1.e4 c5 2.Nf3 Nc6 3.d4 cxd4 4.Nxd4 Nf6 5.Nc3 d6 6.Bg5 e6 7.Qd2 Be7 8.O-O-O O-O
9.f4 h6 10.Bxf6 Bxf6 11.Nf3 Qa5 12.Kb1 a6 13.Be2 Rd8 14.g4 Bxc3 15.Qxc3 Qxc3
16.bxc3 b5 17.Rhg1 Ne7 18.Rg3 Bb7 19.Bd3 d5 20.e5 d4 21.Nxd4 Nd5 22.Ne2 Rac8
23.Kb2 Nb6 24.Kc1 Kf8 25.f5 Bd5 26.a3 Ke7 27.Rf1 Nd7 28.Re3 Rc5 29.Kd2 Bc4
30.Nd4 Bxd3 31.cxd3 Rdc8 32.f6+ Kf8 33.fxg7+ Kxg7 34.Ne2 Nxe5 35.h3 Ng6 36.d4
Rg5 37.Ng3 Rd8 38.Ke2 Nh4 39.Nh5+ Kg8 40.Rf6 Rg6 41.Rf2 Rg5 42.Rf1 Rf8 43.Nf6+
Kg7 44.Kd3 Rd8 {#r} 1-0

[Event "It (open) \"]
[Site "masterchessopen.com – Moscow (Russia)"]
[Date "2005.02.15"]
[Round "1"]
[White "Sadvakasov Darmen (KAZ)"]
[Black "Ivanov Sergey_ (RUS)"]
[Result "1-0"]
[WhiteElo "2612"]
[BlackElo "2538"]

{ Ivanov Sergey_ (RUS) +2 =1 -2 } 1.e4 c5 2.Nf3 Nc6 3.d4 cxd4 4.Nxd4 Nf6 5.Nc3
d6 6.Bg5 e6 7.Qd2 Be7 8.O-O-O O-O 9.f4 h6 10.Bh4 Bd7 11.Nf3 { ? } ( 11.Ndb5
Nxe4 12.Bxe7 Nxd2 13.Bxd8 Nxf1 14.Rhxf1 Rfxd8 15.Nxd6 Rab8 16.Rd2 Ne7 17.Rfd1
Bc6 18.a4 Kf8 19.b3 Nd5 20.Ndb5 a6 21.Nc7 Rd7 22.N7xd5 exd5 23.Nxd5 Rbd8
24.Ne3 Rxd2 25.Rxd2 Re8 26.Nf5 g6 27.Nd4 Re1+ 28.Kb2 Be4 29.g3 Ke7 30.Kc3 f5 {
...1-0, Matanovic Aleksandar 2505 - Timman Jan H 2585 , Yugoslavia 1978 } )
11...Qa5 12.Kb1 Rfd8 ( 12...Rfc8 13.g4 b5 14.Bd3 Nb4 15.a3 Nxd3 16.Nd5 Qxd2
17.Nxe7+ Kf8 18.Rxd2 Kxe7 19.Rxd3 e5 20.fxe5 dxe5 21.Nxe5 Be6 22.Rf1 g5 23.Be1
a5 24.Rd4 Nxg4 25.Nxg4 Bxg4 26.Rd5 Rd8 27.Re5+ Kf8 28.Bc3 Re8 29.Rxe8+ {
1/2-1/2, Dolmatov Sergey 2575 - Beliavsky Alexander G 2615 , Frunze 1981 Ch
URS } ) 13.Bd3 { ?/= } ( 13.Qe1 Rac8 14.Bd3 Nb4 15.a3 Nxd3 16.Rxd3 Qc5 17.g4
d5 18.exd5 Bb5 19.Rd2 Bc4 20.dxe6 fxe6 21.Ne5 Rxd2 22.Qxd2 Qb6 23.Bf2 Qa5
24.Qe3 Bd5 25.Rd1 Bc5 26.Qe2 Bxf2 27.Nxd5 Nxd5 28.Qxf2 Qa4 29.Rd4 Rxc2 30.Rxa4
Rxf2 31.Rxa7 Rxf4 32.Rxb7 Re4 { ...1-0, Ye Jiangchuan 2649 - Milos Gilberto
2593 , Lucerne 1982 Olympiad } ) ( 13.g4 d5 14.e5 d4 15.Ne4 Qxd2 16.Nxf6+ Bxf6
{ +0.64 CAP } ) 13...b5 ( 13...Be8 14.g4 Rac8 15.g5 hxg5 16.Bxg5 d5 17.e5 Nh5
18.Bxe7 Nxe7 19.Nd4 g6 20.h4 Rxc3 21.bxc3 Rc8 22.Kb2 Qb6+ 23.Ka1 Qc5 24.Ne2
Bb5 25.Rb1 Bxd3 26.cxd3 b6 27.Rbc1 Nf5 28.Rh3 Kf8 29.Qe1 Ke7 30.c4 Nd4 31.Nc3
Nxf4 32.Rg3 Qa3 33.Kb1 { ...1/2-1/2, Tiviakov Sergei 2585 - Reeh Oliver 2455 ,
Gausdal 1992 It (open) } ) 14.g4 ( 14.Rhg1 b4 15.Ne2 e5 16.g4 Be6 17.b3 d5
18.Bxf6 Bxf6 19.g5 hxg5 20.fxg5 Be7 21.g6 dxe4 22.gxf7+ Bxf7 23.Qh6 { 1-0,
Gufeld Eduard 2470 - Utasi Tamas 2485 , Habana 1985 It (cat.8) } ) ( 14.Nxb5
Qb6 15.Rhe1 Rab8 16.b3 Be8 17.f5 Ne5 18.Nc3 a5 19.fxe6 fxe6 20.Bf1 Rdc8 21.a4
Nc4 22.Bxc4 Rxc4 23.Ka1 Qc5 24.Re3 Bxa4 25.Nxa4 Qa3+ 26.Kb1 Rxa4 27.Qc3 Qa2+
28.Kc1 d5 29.Qe5 Qa3+ 30.Kd2 Qb4+ 31.Ke2 Qb5+ 32.Ke1 Qb6 33.exd5 Nxd5 {
...1/2-1/2, Byrne Robert E 2434 - Ivanovic Bozidar 2510 , Reykjavik 1982 It
(open) } ) ( 14.Qe1 b4 15.Ne2 e5 16.f5 d5 17.Bxf6 Bxf6 18.exd5 Ne7 19.Be4 Bxf5
20.Nd2 Bxe4 21.Nxe4 Nxd5 22.Qg3 Be7 23.Rhf1 Rac8 24.Qf3 f6 25.g4 Qb5 26.Rd3
Qc4 27.Rc1 Nc7 28.N2g3 Ne6 29.Rxd8+ Rxd8 30.Nf5 Rd7 31.Neg3 Bf8 32.Nh5 Rf7
33.b3 e4 { ...1-0, Fogarasi Tibor 2420 - Jakobsen Peter 2330 , Festuge 1991 It
(open) } ) 14...b4 15.Ne2 ( 15.Bxf6 Bxf6 16.Ne2 e5 17.g5 hxg5 18.fxg5 Be6
19.Nc1 Be7 20.h4 d5 21.Qe2 Rd6 22.h5 Rad8 23.g6 dxe4 24.gxf7+ Bxf7 25.Qxe4 Rh6
26.Bc4 Bxc4 27.Qxc4+ Kh8 28.Qe4 Qc7 29.Rxd8+ Bxd8 30.Nd3 Bf6 31.Nf2 Qd6 32.Ng4
Rh7 33.Qg6 { 1-0, Tiviakov Sergei 2635 - Shmuter Leonid 2468 , St. Petersburg
1993 Memorial M.Chigorin } ) 15...Nxg4 { N } ( 15...d5 16.Bxf6 Bxf6 17.e5 Be7
18.Ned4 Nxd4 19.Nxd4 Qb6 20.Rhf1 a5 21.g5 h5 22.g6 Qxd4 23.Qe2 Bc5 24.Qxh5 {
1-0, Garcia Gildardo 2495 - De La Paz Frank 2370 , Santa Clara 1996 It (cat.9)
} ) 16.Rhg1 Bxh4 17.Nxh4 { +0.29 CAP } 17...Qh5 18.Qe1 Nf6 { ^00 ^00 ^00 ^01
^00 ^02 f5 ^254 ^00 ^00 ^00 ^128 } 19.f5 { ! } ( 19.Qg3 Ne8 20.f5 exf5 21.Nxf5
{ } ) 19...e5 20.Qg3 Ne8 { ^00 ^00 ^00 ^01 ^00 ^05 Qg3f2 ^254 ^00 ^00 ^00 ^128
} 21.Qf2 { ! } ( 21.Nf3 Na5 22.Qg2 f6 23.Ng3 { } ) 21...Kh8 22.Nf4 exf4 23.Be2
Qg5 24.Rxg5 hxg5 25.Nf3 f6 26.Qg2 Ne7 27.h4 g4 28.Qxg4 d5 29.Qxf4 Rac8 30.Nd4
a5 31.h5 dxe4 32.h6 g6 33.fxg6 Nxg6 34.Qg3 Ne7 35.Bh5 Nf5 36.Nxf5 Bxf5 37.Rg1
{ } {#r} 1-0